[Event "URU-ch sf"]
[Site "Montevideo"]
[Date "2013.02.12"]
[Round "8"]
[White "Ottonelo Gandarias, Marcos"]
[Black "Lima, Leonardo"]
[Result "1-0"]
[WhiteElo "1824"]
[BlackElo "101"]
[PlyCount "57"]
[EventDate "2013.02.08"]
[EventType "swiss"]
[EventRounds "9"]
[EventCountry "URU"]
[SourceTitle "EXT 2014"]
[Source "ChessBase"]
[SourceDate "2013.11.20"]
[SourceVersion "1"]
[SourceVersionDate "2013.11.20"]
[SourceQuality "1"]

1. e4 d5 2. exd5 Nf6 3. d4 Nxd5 4. c4 Nb6 5. Nc3 Bf5 6. Nf3 Nc6 7. a3 e6 8. Bf4 a6 9. Be2 Be7 10. d5 exd5 11. Nxd5 Nxd5 12. cxd5 Nb8 13. Qb3 Ra7 14. Rc1 b5 15. Qc3 0-0 16. Qd4 c5 17. dxc6 Qa5+ 18. Nd2 Nxc6 19. Rxc6 Rd7 20. Qe5 Bg6 21. 0-0 Bf6 22. Qe3 Bd4 23. Qg3 Bxb2 24. Bd6 Re8 25. Bg4 Qxd2 26. Bxd7 Rd8 27. Rc8 Rxc8 28. Bxc8 Bd3 29. Qe3 1-0

[Event "URU-ch sf"]
[Site "Montevideo"]
[Date "2013.02.11"]
[Round "7"]
[White "De Leon, Patricia O"]
[Black "Lima, Leonardo"]
[Result "1-0"]
[WhiteElo "1835"]
[BlackElo "101"]
[PlyCount "43"]
[EventDate "2013.02.08"]
[EventType "swiss"]
[EventRounds "9"]
[EventCountry "URU"]
[SourceTitle "EXT 2014"]
[Source "ChessBase"]
[SourceDate "2013.11.20"]
[SourceVersion "1"]
[SourceVersionDate "2013.11.20"]
[SourceQuality "1"]

1. d4 Nf6 2. c4 g6 3. f3 Bg7 4. e4 d6 5. Be3 0-0 6. Qd2 a5 7. Nc3 Na6 8. 0-0-0 Bd7 9. Bh6 c5 10. d5 Qe8 11. h4 Nh5 12. Bxg7 Kxg7 13. Nge2 h6 14. g4 Nf6 15. Ng3 Nc7 16. g5 hxg5 17. hxg5 Nh7 18. Rxh7+ Kxh7 19. Qh2+ Kg8 20. Bd3 Bh3 21. Qxh3 f5 22. Rh1 1-0